<?xml version="1.0" encoding="UTF-8"?>
<record
    xmlns:xsi="http://www.w3.org/2001/XMLSchema-instance"
    xsi:schemaLocation="http://www.loc.gov/MARC21/slim http://www.loc.gov/standards/marcxml/schema/MARC21slim.xsd"
    xmlns="http://www.loc.gov/MARC21/slim">

  <leader>01347nam a2200229Ia 4500</leader>
  <controlfield tag="003">OSt</controlfield>
  <controlfield tag="005">20250726100813.0</controlfield>
  <controlfield tag="008">210210b2019   xxu||||| |||| 00| 0 eng d</controlfield>
  <datafield tag="020" ind1=" " ind2=" ">
    <subfield code="a">9788120769922</subfield>
  </datafield>
  <datafield tag="040" ind1=" " ind2=" ">
    <subfield code="a">AL</subfield>
    <subfield code="c"> </subfield>
  </datafield>
  <datafield tag="041" ind1=" " ind2=" ">
    <subfield code="a">eng</subfield>
  </datafield>
  <datafield tag="082" ind1=" " ind2=" ">
    <subfield code="a">320.01 JOHC</subfield>
  </datafield>
  <datafield tag="100" ind1=" " ind2=" ">
    <subfield code="a">Johari J C</subfield>
    <subfield code="9">22687</subfield>
  </datafield>
  <datafield tag="245" ind1=" " ind2=" ">
    <subfield code="a">Contemporary political theory</subfield>
    <subfield code="b">: new dimensions basic concepts and major trends </subfield>
  </datafield>
  <datafield tag="250" ind1=" " ind2=" ">
    <subfield code="a">Ed 3 Rev</subfield>
  </datafield>
  <datafield tag="260" ind1=" " ind2=" ">
    <subfield code="a">New Delhi</subfield>
    <subfield code="b">Sterlilng Publishers Pvt. Ltd.</subfield>
    <subfield code="c">2020</subfield>
  </datafield>
  <datafield tag="300" ind1=" " ind2=" ">
    <subfield code="a">xx,780p</subfield>
    <subfield code="c">24x17cm</subfield>
  </datafield>
  <datafield tag="500" ind1=" " ind2=" ">
    <subfield code="a">Contents: Part I: New Dimensions: Political Theory &#x2022; Forms, Traditions and Problems of Political Theory &#x2022; State of the Discipline &#x2022; Approaches and Methods &#x2022; Science and Political Theory Part II: Basic Concepts: Law &#x2022; Rights &#x2022; Liberty &#x2022; Equality &#x2022; Property &#x2022; Justice &#x2022; Political Obligation &#x2022; Political Legitimacy and Effectiveness &#x2022; Revolution &#x2022; Ideology &#x2022; Political Alienation &#x2022; Political Power Part III: Major Trends: Liberalism &#x2022; Existentialism &#x2022; Behaviouralism &#x2022; Post-Behaviouralism &#x2022; New Leftism &#x2022; Eurocommunism and Post-Communism &#x2022; Fascism &#x2022; Post-Modernism &#x2022; Feminism &#x2022; State in Different Perspectives &#x2022; Terrorism &#x2022; Globalisation &#x2022; Multiculturalism &#x2022; Bibliography &#x2022; Index
</subfield>
  </datafield>
  <datafield tag="690" ind1=" " ind2=" ">
    <subfield code="a">Political Theory</subfield>
    <subfield code="9">22699</subfield>
  </datafield>
  <datafield tag="906" ind1=" " ind2=" ">
    <subfield code="a">073904</subfield>
  </datafield>
  <datafield tag="942" ind1=" " ind2=" ">
    <subfield code="2">ddc</subfield>
    <subfield code="c">BK</subfield>
  </datafield>
  <datafield tag="999" ind1=" " ind2=" ">
    <subfield code="c">123620</subfield>
    <subfield code="d">123620</subfield>
  </datafield>
  <datafield tag="952" ind1=" " ind2=" ">
    <subfield code="0">0</subfield>
    <subfield code="1">0</subfield>
    <subfield code="2">ddc</subfield>
    <subfield code="4">0</subfield>
    <subfield code="7">0</subfield>
    <subfield code="8">PS</subfield>
    <subfield code="a">AL</subfield>
    <subfield code="b">AL</subfield>
    <subfield code="d">2021-02-17</subfield>
    <subfield code="e">Biblios Book Point, Surathkal-575014</subfield>
    <subfield code="g">450.00</subfield>
    <subfield code="l">8</subfield>
    <subfield code="o">320.01 JOHC</subfield>
    <subfield code="p">073904</subfield>
    <subfield code="r">2025-07-08 15:02:30</subfield>
    <subfield code="s">2025-06-16</subfield>
    <subfield code="w">2021-02-17</subfield>
    <subfield code="y">BK</subfield>
  </datafield>
  <datafield tag="952" ind1=" " ind2=" ">
    <subfield code="0">0</subfield>
    <subfield code="1">0</subfield>
    <subfield code="2">ddc</subfield>
    <subfield code="4">0</subfield>
    <subfield code="7">3</subfield>
    <subfield code="8">PS</subfield>
    <subfield code="a">AL</subfield>
    <subfield code="b">AL</subfield>
    <subfield code="c">RS</subfield>
    <subfield code="d">2022-02-24</subfield>
    <subfield code="e">Sapna Book House (P) LTD.</subfield>
    <subfield code="g">360.00</subfield>
    <subfield code="l">4</subfield>
    <subfield code="o">320.01 JOHC</subfield>
    <subfield code="p">075519</subfield>
    <subfield code="r">2025-03-11 00:00:00</subfield>
    <subfield code="s">2024-11-11</subfield>
    <subfield code="v">450.00</subfield>
    <subfield code="w">2022-03-03</subfield>
    <subfield code="y">REF</subfield>
  </datafield>
</record>
